000 00799nam a22002177a 4500
999 _c16202
_d16202
003 AR-CdUCM
008 190307b ||||| |||| 00| 0 spa d
040 _aMUNICIPALIDAD PROVINCIAL DEL CUSCO
_cBIBLIOTECA MUNICIPAL DEL CUSCO
082 _23ed.
_a868.61 /
_bAZ98
100 _aAzorín
_9580
245 _aClásicos y modernos /
260 _aBuenos Aires :
_bLosada,
_c1949.
300 _a205 páginas ;
_c18 cm.
440 _aBiblioteca contemporánea ;
_927761
505 _aContenido : El descendimiento de Miguel --Los mordiscos --Un poeta --La decadencia de España --La feria de los libros --La evolución de la sensibilidad ...
650 _aAutores españoles
_911961
650 _aEnsayos españoles
_9576
650 _aSiglo XX.
_98
942 _2ddc
_cLIBROS
945 _aacv
_d2019-05-02